[Event "BAN-chT 1st League"]
[Site "Dhaka"]
[Date "2022.03.10"]
[Round "1.4"]
[White "Anish, Rooj"]
[Black "Mollah, Istiak Ahmed"]
[Result "1-0"]
[WhiteElo "1616"]
[BlackElo "1885"]
[PlyCount "65"]
[EventDate "2022.03.10"]
[EventType "team-tourn"]
[EventRounds "11"]
[EventCountry "BAN"]
[SourceTitle "EXT 2023"]
[Source "ChessBase"]
[SourceDate "2022.10.05"]
[SourceVersion "1"]
[SourceVersionDate "2022.10.05"]
[SourceQuality "1"]
[WhiteTeam "Basir Memorial"]
[BlackTeam "Kasparov CC"]
[WhiteTeamCountry "BAN"]
[BlackTeamCountry "BAN"]

1. d4 d5 2. Bf4 Nf6 3. e3 c5 4. c3 Nc6 5. Nd2 e6 6. Ngf3 Be7 7. Bd3 Bd7 8. Ne5 0-0 9. g4 Ne8 10. g5 g6 11. h4 Nxe5 12. dxe5 Ng7 13. h5 Bxg5 14. hxg6 fxg6 15. Qg4 Bxf4 16. exf4 Nf5 17. Nf3 Rf7 18. 0-0-0 Rg7 19. Rdg1 d4 20. Ng5 h6 21. Ne4 Bc6 22. Nf6+ Kf7 23. Rh3 dxc3 24. bxc3 Qa5 25. Bxf5 Qa3+ 26. Kb1 exf5 27. Qe2 Qa4 28. e6+ Ke7 29. Qe5 Be4+ 30. Ka1 Rgg8 31. Nxg8+ Rxg8 32. Rxh6 Kf8 33. Rh7 1-0

[Event "BAN-chT 1st League"]
[Site "Dhaka"]
[Date "2021.03.02"]
[Round "6.3"]
[White "Mollah, Istiak Ahmed"]
[Black "Mohammad, Javed"]
[Result "1-0"]
[WhiteElo "1896"]
[BlackElo "2191"]
[PlyCount "69"]
[EventDate "2021.02.25"]
[EventType "team-tourn"]
[EventRounds "11"]
[EventCountry "BAN"]
[SourceTitle "EXT 2022"]
[Source "ChessBase"]
[SourceDate "2021.10.06"]
[SourceVersion "1"]
[SourceVersionDate "2021.10.06"]
[SourceQuality "1"]
[WhiteTeam "Kasparov CC"]
[BlackTeam "Manha's Castle"]
[WhiteTeamCountry "BAN"]
[BlackTeamCountry "BAN"]

1. d4 Nf6 2. c4 e6 3. Nc3 Bb4 4. e3 0-0 5. Bd3 c5 6. Nge2 d5 7. 0-0 dxc4 8. Bxc4 Nc6 9. a3 Bxc3 10. bxc3 e5 11. Ba2 b6 12. d5 Ne7 13. c4 Nf5 14. Bb2 Re8 15. a4 a6 16. Rc1 a5 17. Bb1 Nd6 18. Ng3 g6 19. Qd2 Ba6 20. Bd3 h5 21. f3 h4 22. Ne2 Nh5 23. Qc3 Kh7 24. g4 Ng7 25. f4 Qd7 26. h3 f6 27. fxe5 fxe5 28. Qe1 Qe7 29. Bxe5 Bxc4 30. Bxg6+ Kxg6 31. Rf6+ Kg5 32. Nf4 Bd3 33. Ng2 Rh8 34. Qc3 Ne4 35. Bf4# 1-0

[Event "BAN-chT 1st League"]
[Site "Dhaka"]
[Date "2021.02.25"]
[Round "1.3"]
[White "Mollah, Istiak Ahmed"]
[Black "Ankit, Ray"]
[Result "1-0"]
[WhiteElo "1896"]
[BlackElo "1661"]
[PlyCount "101"]
[EventDate "2021.02.25"]
[EventType "team-tourn"]
[EventRounds "11"]
[EventCountry "BAN"]
[SourceTitle "EXT 2022"]
[Source "ChessBase"]
[SourceDate "2021.10.06"]
[SourceVersion "1"]
[SourceVersionDate "2021.10.06"]
[SourceQuality "1"]
[WhiteTeam "Kasparov CC"]
[BlackTeam "Mir CC"]
[WhiteTeamCountry "BAN"]
[BlackTeamCountry "BAN"]

1. d4 d5 2. c4 dxc4 3. Nf3 Nf6 4. e3 e6 5. Bxc4 c5 6. 0-0 a6 7. a4 Nc6 8. Nc3 cxd4 9. exd4 Nb4 10. Bf4 Nbd5 11. Nxd5 Nxd5 12. Bg5 Be7 13. Bxe7 Nxe7 14. Ne5 0-0 15. Ra3 b6 16. Bd3 Ng6 17. Be4 Rb8 18. Nc6 Qd6 19. Nxb8 Qxb8 20. Rc3 Bb7 21. Qc2 Qa8 22. f3 Bd5 23. Rc1 f5 24. Rc8 Qb7 25. Rxf8+ Nxf8 26. Bxd5 Qxd5 27. Qc4 Qa5 28. Rd1 b5 29. axb5 axb5 30. Qb3 g6 31. d5 exd5 32. Qxd5+ Kg7 33. Qd4+ Kg8 34. b4 Qa4 35. Ra1 Qb3 36. h3 Ne6 37. Ra8+ Kf7 38. Ra7+ Kg8 39. Qe5 Qc4 40. Kh2 h5 41. Re7 Qf4+ 42. Qxf4 Nxf4 43. Re5 Kf7 44. Rxb5 h4 45. Rc5 Nd3 46. Rc4 Ke6 47. b5 Kd5 48. Rc8 Kd4 49. Rd8+ Ke3 50. Rxd3+ Kxd3 51. b6 1-0

[Event "BAN-chB 43rd"]
[Site "Dhaka"]
[Date "2017.11.08"]
[Round "2"]
[White "Mollah, Istiak Ahmed"]
[Black "Mohammad Fahad, Rahman"]
[Result "0-1"]
[WhiteElo "1941"]
[BlackElo "2218"]
[PlyCount "126"]
[EventDate "2017.11.07"]
[EventType "swiss"]
[EventRounds "11"]
[EventCountry "BAN"]
[SourceTitle "CBM 181 Extra"]
[Source "ChessBase"]
[SourceDate "2017.12.12"]
[SourceVersion "1"]
[SourceVersionDate "2017.12.12"]
[SourceQuality "1"]

1. d4 d5 2. c4 e6 3. Nc3 Nf6 4. e3 Be7 5. Nf3 Nbd7 6. Bd3 b6 7. cxd5 exd5 8. 0-0 Bb7 9. Re1 Bb4 10. a3 Bxc3 11. bxc3 0-0 12. c4 Re8 13. cxd5 Bxd5 14. Qc2 Bxf3 15. gxf3 c5 16. Bb2 cxd4 17. Bxd4 Rc8 18. Qb2 Nh5 19. Rad1 Nc5 20. Be2 Qh4 21. Be5 Qg5+ 22. Bg3 Nxg3 23. hxg3 h5 24. Rd4 Ne6 25. Rd7 h4 26. g4 Rc7 27. Red1 h3 28. R7d5 Qe7 29. Rh5 Nc5 30. Rxh3 Rd8 31. Kg2 Rxd1 32. Bxd1 Nd3 33. Qb3 Qd7 34. Rh1 Rc1 35. Be2 Ne1+ 36. Kg3 Qd6+ 37. f4 Nd3 38. Rxc1 Nxc1 39. Qd1 Nxe2+ 40. Qxe2 Qxa3 41. Qb5 Qe7 42. Qa6 g6 43. e4 Qc7 44. g5 Qd7 45. f5 gxf5 46. exf5 Qxf5 47. Qxa7 Qxg5+ 48. Kf3 b5 49. Ke4 Kg7 50. f4 Qg2+ 51. Kf5 Qg6+ 52. Ke5 Qe6+ 53. Kd4 Qc4+ 54. Ke3 b4 55. Qb8 Qc3+ 56. Ke2 b3 57. Qb5 Qc2+ 58. Kf3 b2 59. Qe5+ Kh7 60. Qh5+ Kg8 61. Qg5+ Qg6 62. Qd8+ Kh7 63. Qh4+ Kg7 0-1